| 000 | 00867nam a2200253Ia 4500 | ||
|---|---|---|---|
| 003 | OSt | ||
| 005 | 20220923211222.0 | ||
| 006 | a|||||r|||| 00| 0 | ||
| 007 | ta | ||
| 008 | Pun | ||
| 020 |
_a9788130203539 (pbk) _c160 |
||
| 024 | _a290,288 | ||
| 037 |
_b1009, 08/02/2016, H.K. Prakashan _cTextual |
||
| 040 |
_aARTS _cARTS _bPun |
||
| 041 |
_2Pun _aPun |
||
| 082 | _aO153,1N43:g, Q5 | ||
| 100 |
_aਸਿੰਘ, ਰਾਜਿੰਦਰ ਪਾਲ _9159887 |
||
| 245 | 0 |
_aਲਾਲ ਸਿੰਘ ਦਿਲ _b ਜੀਵਨ ਤੇ ਰਚਨਾ |
|
| 260 |
_aਪਟਿਆਲਾ _b ਪਬਲੀਕੇFਨ ਬਿਊਰੋ _c2015 |
||
| 300 |
_a116ਪੰ _ccm. |
||
| 650 | _aਪੰਜਾਬੀ ਸਾਹਿਤ | ||
| 942 |
_hO153,1N43:g, Q5 _cTEXL _2CC |
||
| 999 |
_c297162 _d297162 |
||